|
|
|
|
| LEADER |
01198nam a2200289 a 4500 |
| 001 |
12198500 |
| 008 |
091013s2001 ii ab b 000 0 eng d |
| 010 |
|
|
|a 00051557
|
| 020 |
|
|
|a 0761995188 (US-Hb)
|
| 020 |
|
|
|a 8170369886 (India-Hb)
|
| 040 |
|
|
|a DLC
|c DLC
|d DLC
|
| 082 |
0 |
0 |
|a 362.1/0954
|2 21
|
| 245 |
0 |
0 |
|a Public health and the poverty of reforms :
|b the South Asian predicament /
|c editors Imrana Qadeer, Kasturi Sen, K.R. Nayar.
|
| 260 |
|
|
|a New Delhi ;
|a Thousand Oaks, Calif. :
|b Sage Publications,
|c 2001.
|
| 300 |
|
|
|a 547 p. :
|b ill., map ;
|c 23 cm.
|
| 504 |
|
|
|a Includes bibliographical references.
|
| 541 |
1 |
|
|e 00013659
|
| 650 |
|
0 |
|a Public health
|z South Asia.
|
| 650 |
|
0 |
|a Health care reform
|z South Asia.
|
| 650 |
|
0 |
|a Structural adjustment (Economic policy)
|z South Asia.
|
| 650 |
|
0 |
|a Primary health care
|z South Asia.
|
| 700 |
1 |
|
|a Qadeer, Imrana,
|d 1941-
|
| 700 |
1 |
|
|a Sen, Kasturi,
|d 1956-
|
| 700 |
1 |
|
|a Nayar, K. R.,
|d 1955-
|
| 852 |
4 |
|
|a Ayesha Abed Library
|j General shelf
|
| 999 |
|
|
|c 8334
|d 8334
|
| 952 |
|
|
|0 0
|1 0
|2 ddc
|4 0
|6 362_109540000000000_PUB
|7 0
|9 9601
|a BRACUL
|b BRACUL
|c GEN
|d 2010-05-02
|l 0
|o 362.10954 PUB
|p 3010013659
|r 2010-05-02
|t 1
|w 2010-05-02
|y BK
|x Price not available in Register
|